Responses for Show #6662 - Tuesday, July 30, 2013

2013 Kids Week game 2.

Contestants

[<< previous game]

John Wilkins, an 11-year-old sixth grader from Chevy Chase, Maryland

Sallie Rawlston, a 10-year-old fifth grader from Soddy-Daisy, Tennessee

Aarin Martinez, a 12-year-old seventh grader from Torrance, California

[next game >>]

Jeopardy! Round responses

BOOK TALK
OLYMPIC SPORTS OBJECTS
CLOTHING
WORLD FACTS
U.S. STAMPS
GIVE UP THE "SHIP"!
    $200 6
Alice in Wonderland

Aarin
    $200 11
a javelin

Aarin
    $200 13
Levi

Sallie
    $200 1
Hebrew

Aarin
    $200 21
Liberty Bell

Aarin
    $200 26
a championship

Aarin
    $400 7
The Hunger Games

John!!!
    $400 12
a pole

Sallie
    $400 14
a hoodie

John!!!
    $400 2
Beijing

John!!!
    $400 22
Wall-E

Sallie
    $400 27
membership

Sallie
    $600 8
our appendixes

John!!!
    $600 15
fencing

John!!!
    $600 18
camouflage

Aarin
    $600 3
a jungle

Aarin
    $600 23
Kwanzaa

John!!!
    $600 28
(Sallie: What is a joint ownership?)
[Initially ruled incorrect, reversed before the next round]

a partnership

AarinSallie
    $1,000 9
Fudge

John!!!
    $800 16
water polo

Sallie
    $800 19
a polo

Aarin
    $800 4
(Sallie: What is Great Britain?)

the Netherlands

SallieJohn!!!
    $800 24
a weather vane

John!!!
    $800 29
a dealership

John!!!
    $1000 10
a hatchet

John!!!
    $1000 17
rhythmic gymnastics

Aarin
    $1000 20
Justice

Aarin
    $1000 5
Wales

John!!!
    $1000 25
a kaleidoscope

John!!!
    $1000 30
a dictatorship

Aarin

Scores at the first commercial break (after clue 15):

Aarin Sallie John!!!
$1,200 -$200 $6,200

Scores at the end of the Jeopardy! Round:

Aarin Sallie John!!!
$6,600 $2,000 $9,400

Double Jeopardy! Round responses

EARLY AMERICAN HISTORY
MUSIC
NUMERIC WORDS & PHRASES
WEATHER
ANIMALS IN POETRY
BALLOON TIME
    $400 2
Concord

Aarin
    $400 1
(John: Who is Justin Timberlake?)

Ross Lynch

John!!!
Triple Stumper
    $400 21
a onesie

Triple Stumper
    $400 26
[The end-of-round signal sounds.]

a tornado

Sallie
    $400 12
a hump

Aarin
    $400 7
a smurf

Sallie
    $800 3
Delaware

Sallie
    $800 17
Harry Styles

John!!!
    $800 22
Crazy Eights

Triple Stumper
    $800 13
a cat

Aarin
    $800 8
Up

Sallie
    $1,000 4
(Alex: [Noticing Sallie jiggling her signaling button] You don't have to ring in. It's just you.)

William Penn

Sallie
    $1200 18
Big Time Rush

Triple Stumper
    $1200 23
double-decker

John!!!
    $1,000 14
a goldfish

Aarin
    $1200 9
[Alex reads the clue with a French accent.]

a poodle

Sallie
    $1600 5
the French and Indian War

Sallie
    $1600 19
Alicia Keys

John!!!
    $1600 24
a six-shooter

Triple Stumper
    $1600 15
(Aarin: What is a dog?)

a snake

Aarin
Triple Stumper
    $1600 10
an artery

Sallie
    $2000 6
Poor Richard's Almanack

John!!!
    $2000 20
Hunter Hayes

Triple Stumper
    $2000 25
a triumvirate

John!!!
    $2000 16
a raven

Aarin
    $2000 11
(Aarin: What is helium?)

carbon dioxide

AarinSallie

Scores at the end of the Double Jeopardy! Round:

Aarin Sallie John!!!
$7,600 $11,800 $16,600

[wagering suggestions for these scores]

Final Jeopardy! Round responses

TOY BRANDS
AarinWhat is Mattel? Barbie
$6,000
SallieWhat is Hasbro?
$9,000
John!!!What is Mattel inc.
$5,000
LEGO

Final scores:

Aarin Sallie John!!!
$1,600 $2,800 $11,600
3rd place: $1,000 2nd place: $2,000 Winner: $15,000

Game dynamics:

Coryat scores:

Aarin Sallie John!!!
$7,800 $12,000 $16,400
17 R
(including 1 DD),
2 W
15 R
(including 1 DD),
1 W
18 R
(including 1 DD),
1 W

Combined Coryat: $36,200

[game clues] [game scores] [suggest correction]

Game tape date: 2013-02-04
The J! Archive is created by fans, for fans. Scraping, republication, monetization, and malicious use prohibited; this site may use cookies and collect identifying information. See terms. The Jeopardy! game show and all elements thereof, including but not limited to copyright and trademark thereto, are the property of Jeopardy Productions, Inc. and are protected under law. This website is not affiliated with, sponsored by, or operated by Jeopardy Productions, Inc. Join the discussion at JBoard.tv.